000 00558nam a2200229Ia 4500
003 OSt
005 20220924151202.0
006 a|||||r|||| 00| 0
007 ta
008 220923b |||||||| |||| 00| 0 tel d
024 _a336569
037 _cTextual
040 _aARTS
_cARTS
_btel
041 _2tel
_atel
082 _aO35,3NRA28,1, M3
100 _aRajahiah
_9223756
245 0 _aAgnikaman
260 _c1983
650 _aTELUGU FICTION
942 _hO35,3NRA28,1, M3
_cTEXL
_2CC
999 _c465804
_d465804